| 000 | 00883nam a2200193Ia 4500 | ||
|---|---|---|---|
| 999 |
_c40341 _d40341 |
||
| 001 | 6949 | ||
| 003 | GE_BSU | ||
| 005 | 20191025113959.0 | ||
| 008 | 181216s1973||||ge |||||||||||||| ||geo|| | ||
| 040 | _cGE_BSU | ||
| 041 | _ageo | ||
| 080 | _a811.353.1+376.2 ჯ-28 | ||
| 245 |
_aქართული ჟესტური ენა : _bტრენინგის სახელმძღვ. პირველი საფეხური რვეული ტრენინგის მონაწილეებისათვის 2012 / _cრედ. თამარ ხასია. |
||
| 264 |
_aთბილისი : _bპეტიტი ; _c2012. |
||
| 300 |
_a91 გვ. : _bილ. ; _c30 სმ. |
||
| 653 | _aქართული ჟესტური ენა | ||
| 700 |
_aბეჟანიძე, ლ. _eრედაქტორი _93837 |
||
| 942 |
_cBK _2udc |
||